[Event "Gibraltar Challengers1-B"]
[Site "Gibraltar"]
[Date "2009.01.29"]
[Round "3"]
[White "Apps, Ray"]
[Black "Correa Vargas, Luis"]
[Result "0-1"]
[WhiteElo "1000"]
[BlackElo "1192"]
[PlyCount "52"]
[EventDate "2009.01.27"]
[EventType "swiss"]
[EventRounds "5"]
[EventCountry "ENG"]
[SourceTitle "EXT 2012"]
[Source "ChessBase"]
[SourceDate "2011.11.24"]
[SourceVersion "1"]
[SourceVersionDate "2011.11.24"]
[SourceQuality "1"]

1. e4 e5 2. c3 Nf6 3. f3 Bc5 4. b4 Bb6 5. Bc4 c5 6. Ne2 cxb4 7. cxb4 Qc7 8. d3 Nc6 9. a3 d6 10. g3 Be6 11. Bb2 Bh3 12. Nbc3 Bg2 13. Kd2 Bxh1 14. Qxh1 g5 15. h3 h5 16. a4 Nd4 17. b5 Ba5 18. Bd5 Nxd5 19. exd5 Nb3+ 20. Kc2 Nxa1+ 21. Bxa1 Rc8 22. Nd4 exd4 23. Qe1+ Kf8 24. Kd2 dxc3+ 25. Bxc3 Qxc3+ 26. Ke2 Re8+ 0-1

[Event "Gibraltar Challengers1-B"]
[Site "Gibraltar"]
[Date "2009.01.27"]
[Round "1"]
[White "Apps, Ray"]
[Black "Chidi, Lovinia Sylvia"]
[Result "0-1"]
[WhiteElo "1000"]
[BlackElo "1588"]
[PlyCount "52"]
[EventDate "2009.01.27"]
[EventType "swiss"]
[EventRounds "5"]
[EventCountry "ENG"]
[SourceTitle "EXT 2012"]
[Source "ChessBase"]
[SourceDate "2011.11.24"]
[SourceVersion "1"]
[SourceVersionDate "2011.11.24"]
[SourceQuality "1"]

1. e4 c5 2. d3 d6 3. Nf3 Nf6 4. Be2 e6 5. 0-0 Be7 6. Nc3 0-0 7. b3 Nc6 8. h3 a6 9. a4 Qc7 10. Ba3 b6 11. Ng5 h6 12. Nf3 Bb7 13. Qd2 Rad8 14. e5 dxe5 15. Qe3 Nd5 16. Nxd5 exd5 17. Rad1 Rfe8 18. c3 d4 19. Qd2 dxc3 20. Qxc3 Bf6 21. Rde1 e4 22. Qc2 exf3 23. gxf3 Nd4 24. Qd2 Rxe2 25. Rxe2 Nxf3+ 26. Kh1 Qh2# 0-1